LEADER 01195nam1 2200385 450 001 990002700220203316 005 20060110133803.0 035 $a000270022 035 $aUSA01000270022 035 $a(ALEPH)000270022USA01 035 $a000270022 100 $a20060110d2003----km-y0itay0103----ba 101 $aspa 102 $aES 105 $a||||||||001yy 200 1 $aEstudios sobre el discurso$euna introducción multidisciplinaria$fTeun A. van Dijk compilador 210 $aBarcelona$cGedisa$d2003 215 $a2 v.$d23 cm 225 2 $aLinguistica y analisis del discurso$iSerie Cla-De-Ma 410 0$12001$aLinguistica y analisis del discurso$iSerie Cla-De-Ma 454 1$12001 461 1$1001-------$12001 463 \1$1001990002700230203316$12001 $a<> : <> discurso como estructura y proceso 606 0 $aAnalisi del discorso 606 0 $aSemiotica 676 $a401.41 702 1$aDIJK,$bTeun A . : van 801 0$aIT$bsalbc$gISBD 912 $a990002700220203316 951 $aXII B$bL.M.$cXII B 959 $aBK 969 $aUMA 979 $aVITALE$b90$c20060110$lUSA01$h1338 996 $aEstudios sobre el discurso$91001260 997 $aUNISA LEADER 02709nam 2200553 450 001 9910460624503321 005 20200520144314.0 010 $a3-8366-3572-0 035 $a(CKB)3710000000335587 035 $a(EBL)1896586 035 $a(SSID)ssj0001492187 035 $a(PQKBManifestationID)11815985 035 $a(PQKBTitleCode)TC0001492187 035 $a(PQKBWorkID)11502096 035 $a(PQKB)10052217 035 $a(MiAaPQ)EBC1896586 035 $a(Au-PeEL)EBL1896586 035 $a(CaPaEBR)ebr11020000 035 $a(OCoLC)899941949 035 $a(EXLCZ)993710000000335587 100 $a20150228h20142014 uy 0 101 0 $ager 135 $aur|n|---||||| 181 $ctxt 182 $cc 183 $acr 200 10$aEmos $eeine jugendsubkultur- begleitet von vorurteilen, Hass und angst! /$fJan Vester 210 1$aHamburg, [Germany] :$cDiplomica Verlag GmbH,$d2014. 210 4$d©2014 215 $a1 online resource (131 p.) 300 $aDescription based upon print version of record. 311 $a3-8366-8572-8 320 $aIncludes bibliographical references. 327 $a1 Einleitung; 2 Einfu?hrung in die Begriffe Jugenkultur, Subkultur und Jugendsubkultur ; 2.1. Jugendkultur ; 2.2. Subkultur ; 3 Emo - eine neue Jugendsubkultur; 3.1. Entstehung und Geschichtlichter Hintergrund; 3.2. Entwicklung in Deutschland; 3.3. Lebenseinstellung; 3.4. Musik; 3.5. Style; 3.6. Vergleiche zu Punks und Gothics; 4 Emos und die virtuelle Welt des Internets ; 4.1 Unterstu?tzendes Internet fu?r Emos; 4.2 Missbrauch des Internets von Emo-Gegnern; 5 Auswirkungen von Hass und Abneigung gegen Emos; 5.1 Gewaltta?tige Jagden auf Emos in Mexiko ; 5.2 Emos in anderen La?ndern Europas 327 $a6 Emos in Deutschland7 Vorurteile, Fremdenfeindlichkeit und Diskriminierung ; 7.1 Definition ; 8 Selbstverletzendes Verhalten ; 8.1 Definition; 8.2 Formen der Krankhaften Selbstverletzung; 8.3 Funktionen und Ha?ufigkeit von selbstverletzendem Verhalten; 8.4 Abgrenzung zur Suizidalita?t ; 8.5 Selbstverletzendes Verhalten bei Emos ; 9 Bezug zur sozialen Arbeit ; 10 Umfrage mit Emos - Umfragebogen und Evaluation; 10.1 Der Umfragebogen; 10.2 Evaluation; 11 Resu?mee; Literaturverzeichnis; Anhang 606 $aPopular culture$xHistory$y20th century 606 $aYouth$xSocial life and customs$y20th century 608 $aElectronic books. 615 0$aPopular culture$xHistory 615 0$aYouth$xSocial life and customs 676 $a306.40904 700 $aVester$b Jan$0983759 801 0$bMiAaPQ 801 1$bMiAaPQ 801 2$bMiAaPQ 906 $aBOOK 912 $a9910460624503321 996 $aEmos$92246045 997 $aUNINA